| 000 | 01096nam a2200289 a 4500 | ||
|---|---|---|---|
| 005 | 2009060600520.0 | ||
| 008 | 010625s2002 enk b 001 0 eng | ||
| 010 | _aENG-93934 | ||
| 020 | _c110.00 | ||
| 035 | _aEN-77467 | ||
| 037 | _bDBAD / PUB | ||
| 040 |
_adpl _bEnglish |
||
| 082 | _a821 | ||
| 100 | _aKabir | ||
| 240 |
_aBījaka. _lEnglish |
||
| 245 |
_aThe Bijak of Kabir / _ctranslated by Lakhi N. Paryani |
||
| 260 |
_aAllahabad _bKabir Parakh Sansthan _c2005 |
||
| 270 |
_aSant Kabir Road, Pritam Nagar, _bAllahabad _e211001 |
||
| 300 |
_axliii, 252p. _c22cm(Hb) |
||
| 500 | _aOriginally published: San Francisco: North Point Press | ||
| 600 |
_aKabir, 15th cent _xCriticism and interpretation |
||
| 650 |
_aHindi poetry _xTranslation into English |
||
| 700 | _aLakhi N.Paryani | ||
| 856 |
_3Publisher description _uhttp://www.loc.gov/catdir/enhancements/fy0612/2001045168-d.html |
||
| 942 |
_2ddc _cEN _h821 _mKAB |
||
| 999 |
_c27302 _d27302 |
||